Guess Rap Album by Features - Statistics

General Stats
  • This quiz has been taken 377 times
  • The average score is 6 of 17
Answer Stats
Hints Answer % Correct
Chief Keef, Kanye West, Schoolboy Q, Future, Justin Bieber Rodeo- Travis Scott
78%
Drake, Jay Rock, Dr Drè, Mary J Blidge, Jay-Z G.o.o.d Kid M.a.a.d City- Kendrick Lamar
73%
Lil Wayne, Mos Def, Chris Martin, T-Pain, Dwele Graduation- Kanye West
68%
Drake, Young Thug, Playboy Carti, West Side Gunn, Future Utopia- Travis Scott
61%
J.Cole, 21 Savage, SZA, Chief Keef, Lil Yachty For All The Dogs- Drake
45%
Lil Uzi Vert, NBA Youngboy, Domo Genesis, Lil Wayne, Teezo Touchdown Call Me if you get Lost- Tyler, the Creator
43%
Skepta, Bryson Tiller, Lil Uzi Vert, Travis Scott, Chief Keef Die Lit- Playboy Carti
43%
The Weeknd, Travis Scott, Playboy Carti, Kendrick Lamar, Rick Ross We Don’t Trust You- Future and Metro Boomin
36%
Lil Uzi Vert, Kanye West, Playboy Carti, Solange, Pharrell Williams Igor- Tyler the Creator
34%
Action Bronson, Joey Bada$$, Drake, Danny Brown, 2 Chainz Long.Live.A$ap- A$ap Rocky
24%
Snoop Dogg, Dr Drè, Bizarre, Xzibit, Nate Dogg Marshall Mathers LP- Eminem
23%
Kendrick Lamar, Post Malone, Sia, Kid Cudi, Rihanna Life of Pablo- Kanye West
16%
Common, Kanye West, MGMT, Wale, Chip Tha Ripper Man On The Moon 1- Kid Cudi
16%
Tyler the Creator, Kendrick Lamar, 2 Chainz, Jay Rock, Raekwon Oxymoron- Schoolboy Q
15%
Earl Sweatshirt, Rick Ross, Vince Staples, Domo Genesis, Schoolboy Q Faces- Mac Miller
9%
Travis Scott, Drake, Gunna, Gucci Mane, 21 Savage Not All Hero’s Wear Capes- Metro Boomin
7%
Inspectah Deck, Scar Face, Shiggy Sha, Big Shug, G-Dep Moment of Truth- Gang Starr
6%
No matching quizzes found
Score Distribution
Percent of People with Each Score
Percentile by Number Answered
Your Score History
You have not taken this quiz